First 50 Digits of Pi in 2 Minutes! - Statistics

General Stats
  • This quiz has been taken 22,008 times
  • The average score is 43 of 50
Answer Stats
Digits % Correct
3
100%
1
99%
4
99%
1
98%
5
98%
2
97%
6
97%
9
97%
3
96%
5
96%
5
95%
8
95%
7
94%
9
94%
9
94%
2
93%
3
93%
3
93%
4
92%
8
92%
2
91%
6
91%
4
90%
6
90%
3
89%
3
88%
3
87%
8
87%
2
86%
7
85%
9
84%
5
83%
0
82%
2
81%
8
80%
8
79%
4
78%
1
77%
9
76%
7
75%
1
74%
6
73%
3
72%
9
72%
9
71%
9
70%
3
69%
1
68%
5
68%
7
68%
No matching quizzes found
Score Distribution
Percent of People with Each Score
Percentile by Number Answered
Your Score History
You have not taken this quiz